в 1973 году: 17 пленум, Сан-Паулу, Бразилия; Космические исследования, выполненные в СССР

Détails bibliographiques
Parent link:Космические исследования, выполненные в СССР: доклад КОСПАР/ Академия наук СССР (АН СССР), Институт космических исследований (ИКИ). в 1973 году: 17 пленум, Сан-Паулу, Бразилия.— , 1973-
Langue:russe
Publié: 1974
Sujets:
Format: Livre
KOHA link:https://koha.lib.tpu.ru/cgi-bin/koha/opac-detail.pl?biblionumber=196288

MARC

LEADER 00000nam2a2200000 4500
001 196288
005 20231031183034.0
035 |a (RuTPU)RU\TPU\book\214136 
035 |a RU\TPU\book\210789 
090 |a 196288 
100 |a 20110520d1974 k y0rusy50 ca 
101 0 |a rus 
102 |a RU 
105 |a a z 000zy 
200 0 |a в 1973 году: 17 пленум, Сан-Паулу, Бразилия 
210 |d 1974 
215 |a 91 с.  |c ил. 
461 1 |0 (RuTPU)RU\TPU\book\210789  |t Космические исследования, выполненные в СССР  |o доклад КОСПАР  |f Академия наук СССР (АН СССР), Институт космических исследований (ИКИ)  |v в 1973 году: 17 пленум, Сан-Паулу, Бразилия  |d 1973- 
610 1 |a космонавтика 
610 1 |a космические исследования 
675 |a 629.78  |v 3 
801 1 |a RU  |b 63413507  |c 20110322 
801 2 |a RU  |b 63413507  |c 20110523  |g RCR 
942 |c BK